000 00414nam a2200157Ia 4500
005 20250519020637.0
008 240331s9999 xx 000 0 und d
020 _a9558864005
082 _a302.23
_bKAN
100 _aWanitha katayutu
245 0 _aKanthwamaddya pilibibuwa ha yatharthya
260 _aColombo
_bMinistry of Women's Affairs
300 _a106 p .,
500 _aWomen - Gender & Media
942 _cL
999 _c1113
_d1113